History Quiz

Random History or Blitz Quiz

Blitz: Name a President Who... Quiz Stats

Quiz Updated Jan 20, 2017

Challenge
Share
Tweet
Embed
Score 0/20 Timer 03:00
1 Play Today
Clue President % Correct
...was assassinated (4)James Garfield...
99%
...is portrayed on US coinage* (6)Abraham Lincoln...
96.7%
...was from Texas (3)Lyndon Johnson...
96.2%
...resigned from office (1)Richard Nixon
96.1%
...signed the Constitution (2)James Madison...
95.4%
...was impeached (2)Andrew Johnson...
92.4%
...took office before age 45 (2)John F. Kennedy...
91.8%
...was Catholic or a Quaker (3)Herbert Hoover...
91.2%
...lost the popular vote but won the Presidency (5)George W. Bush...
87.4%
...was in office when the United States officially declared war (5)James K. Polk...
86.1%
Clue President % Correct
...was a career army officer who went from General to President (3)Zachary Taylor...
78.1%
...served less than four years in office and wasn't assassinated (8)Warren Harding...
78.1%
...took office after age 60 and wasn't Ronald Reagan (10)James Buchanan...
76.6%
...was neither elected as a VP or a President (1)Gerald Ford
70.5%
...went to Harvard as an undergraduate (5)John Adams...
67.3%
...was a member of the Whig Party (5)Millard Fillmore...
64.2%
...was VP and then President, with no help from assassination/death/resignation/etc (5)George H.W. Bush...
59%
...won the Nobel Peace Prize while in office and wasn't Barack Obama (2)Woodrow Wilson...
51.7%
...was President, Vice President, Senator, and a Representative (4)John Tyler...
49.5%
...served two full consecutive terms in the 19th century and wasn't named James (3)Thomas Jefferson...
47%

You're not logged in!

Compare scores with friends on all Sporcle quizzes.
Join for Free
OR
Log In

You Might Also Like...

Show Comments

Extras

Top Quizzes Today


Score Distribution

Your Account Isn't Verified!

In order to create a playlist on Sporcle, you need to verify the email address you used during registration. Go to your Sporcle Settings to finish the process.

Report this User

Report this user for behavior that violates our Community Guidelines.

Details: